000 00751cab a2200241 4500
001 WB2927-30
008 090401t1993 xxu||||| |||| 00| 0 eng d
035 _a(Sirsi) u72185
041 _aeng
100 _aMorgan, Mark
245 _aSelling a freehold
260 _c1993
350 _a0
490 _aCSW - The Property Week
_v44(3) 17 July 1993, 57(1)
520 _aHighlights some issues a local authority faces when approached to sell its freehold in a shopping centre. Discusses pros and cons of disposal of interest.
650 _aDISPOSAL OF INTEREST
650 _aFREEHOLD
650 _aLOCAL AUTHORITIES
650 _aSHOPPING CENTRES
690 _aLANDLORD AND TENANT-BUSINESS TENANCIES
942 _n0
948 _c04/03/1997
999 _c45567
_d45567